MARC

LEADER 00000nas a2200000 a 4500
001 ssj0001649
003 WaSeSS
005 20200512172242.0
006 m d
007 cr n
008 950602c19779999cautr pss gov 0 a0eng c
010 |a  2004255187 
022 |a 2376-4457  |y 0163-7606 
035 |a (WaSeSS)ssj0001649 
040 |a IUB  |b eng  |c IUB  |d OCL  |d LMU  |d AAA  |d OCL  |d OCLCQ  |d N@F  |d OCLCQ  |d ZCU  |d EUM  |d FJM  |d OCLCQ  |d OCLCO  |d DLC  |d OCLCF  |d OCLCO  |d OCLCQ  |d YLS  |d OCL  |d OCLCQ  |d OCLCA  |d UUM  |d OCLCO  |d VT2  |d WaSeSS 
042 |a pcc  |a nsdp 
043 |a n-us--- 
050 1 4 |a K6  |b .E29 
082 0 4 |a 384.02605 
210 0 |a Fed. commun. law j.  |b (Online) 
222 0 |a Federal communications law journal  |b (Online) 
245 0 0 |a Federal communications law journal  |h [electronic resource]. 
246 1 3 |a FCLA virtual journal 
260 |a Los Angeles :  |b UCLA School of Law and the Federal Communications Bar Association,  |c 1977- 
310 |a Three issues per year 
362 0 |a Vol. 30, no. 1 (winter 1977)- 
500 |a Title from journal title screen (Hein Online, viewed May 25, 2004). 
506 |a License restrictions may limit access. 
550 |a Published: Los Angeles : UCLA School of Law and the Federal Communications Bar Association, 1977-<1995>; Bloomington : Indiana University Bloomington School of Law and the Federal Communications Bar Association, <1996>-2012; ; Washington, DC : George Washington University Law School and the Federal Communications Bar Association, 2013- 
588 |a Latest issue consulted: Vol. 66, issue 2 (April 2014) (Hein Online website, viewed on December 6, 2014). 
650 0 |a Telecommunication  |x Law and legislation  |z United States  |v Periodicals. 
650 0 |a Communication and traffic  |x Law and legislation  |z United States  |v Periodicals. 
650 7 |a Communication and traffic  |x Law and legislation.  |2 fast  |0 (OCoLC)fst00870068 
650 7 |a Telecommunication  |x Law and legislation.  |2 fast  |0 (OCoLC)fst01145888 
651 7 |a United States.  |2 fast  |0 (OCoLC)fst01204155 
653 |a united states 
653 |a information technology 
653 |a media 
653 |a communications 
653 |a students 
653 |a law journals 
655 0 |a Electronic journals. 
710 2 |a University of California, Los Angeles.  |b School of Law. 
710 2 |a Indiana University, Bloomington.  |b School of Law. 
710 2 |a George Washington University.  |b Law School. 
710 2 |a Federal Communications Bar Association (U.S.) 
776 0 8 |i Print version:  |t Federal communications law journal  |x 0163-7606  |w (DLC) 78648440  |w (OCoLC)4099879 
776 0 8 |i Also issued in microfilm:  |t Federal communications law journal  |w (DLC)sn 83005578  |w (OCoLC)9125041 
776 0 8 |i Also issued in microfiche:  |t Federal communications law journal  |w (OCoLC)12350123  |w (OCoLC)21585618 
780 0 0 |t Federal communications bar journal  |w (DLC) 2004255184  |w (OCoLC)52075378 
856 4 0 |z Full text available from Research Library: 12/01/1997 to present  |u https://search.proquest.com/publication/40767